000 01061cam a2200313 a 4500
999 _c21164
_d21164
001 13213337
003 OSt
005 20200610143740.0
008 030422s2002 ii b 001 0 eng
010 _a 2003310837
020 _a8187496282
025 _aI-E-2003-310837; 63-92
035 _a(DLC) 2003310837
037 _bLibrary of Congress -- New Delhi Overseas Office
_cRs295.00
040 _aDLC
_coclc
042 _alcode
043 _aa-ii---
050 0 0 _aDS481.S36
_bN66 2002
082 _a294.5
_bNOO/S
100 _aNoorani, A G
_d1930-
_92607
245 1 0 _aSavarkar and Hindutva :
_bthe Godse connection /
_cA.G. Noorani.
260 _aNew Delhi :
_bLeftWord Books,
_c2002.
300 _ax, 168 p. ;
_c22 cm.
504 _aIncludes bibliographical references (p. [157]-159) and index.
600 1 0 _aSavarkar, Vinayak Damodar,
_d1883-1966
_xPolitical and social views.
906 _a7
_bcbc
_corigode
_d3
_encip
_f20
_gy-gencatlg
942 _2ddc
_cBK
_h294.5
_iNOO/S
_k294.5
_mNOO/S